000
00333nam a2200145Ia 4500
003
OSt
005
20240322125210.0
008
170523s9999 xx 000 0 und d
020
_a
9788120350847
040
_c
IIMT UNIVERSITY
100
_a
MUKHOPADHYAY
245
0
_a
PRODUCTS PLANNING AND CONTROL
260
_b
PHI
942
_2
ddc
_c
02
999
_c
1855
_d
1855